000 00483nam a2200169 i 4500
001 79393
003 ES-MaACL
005 20250514193755.0
007 t|
008 041021s1969 sp ||||1| spa d
100 1 _aHernández, Antonio,
_d1943-2024
_962787
245 1 0 _aOveja negra /
_cAntonio Hernández.
260 _aMadrid :
_bBiblioteca Nueva,
_c1969.
300 _a60 p. :
_bretr. aut. ;
_c21 cm.
852 _aES-MaACL
_jC-37004
_bR.70504
999 _c79393
_d79393